000 00421nam a2200145Ia 4500
008 100204s9999 xx 000 0 und d
082 _b13305
100 _aदेशमुख लक्ष्मीकांत
245 _aसलोमी
260 _b"अंजली प्रकाशन, पुणे"
_c1990
300 _a144
630 _aसलोमी
730 _aसलोमी
942 _cBOOK
999 _c457737
_d457734